000 01051nam a2200313 i 4500
003 EG-GICUC
005 20260121101222.0
008 251115s1963 -uk |f |||| 001 0 eng d
040 _aEG-GiCUC
_beng
_cEG-GiCUC
_dEG-GiCUC
_erda
041 0 _aeng
082 0 4 _221
_a338.91054
_bRA . F
092 0 4 _221
099 _aLaw1 13 338.91054 RA . F 1963
100 1 _aRao ,V. K. R. V
_eAuthor.
245 1 0 _aForeign Aid And India's Economic Development /
_cV. K. R. V. Rao, And Dharm Narain
264 1 _aLondon :
_bAsia Publishing House ,
_c1963.
300 _a111 pages ,
_c24 cm.
336 _2rda content
_atext
337 _2rda media
_aComputer
338 _2rda carrier
_aOnline Resource
504 _aIncludes bibliographical references and index.
546 _aText in English
650 1 4 _aPublic finance and tax legislation
700 1 _aNarain , Dharm
_ejoint author.
710 2 _aInstitute Of Economic Growth Delhi
856 4 0 _uhttps://fll.law.cu.edu.eg/fulltext/bks/B13-07644.pdf
905 _a48
942 _2ddc
_cBK
_e21
_n0
999 _c43267
_d43267